Math for the pharmacy technician : Concepts and calculations
Recognizing the enormous need for well-trained Pharmacy Technicians as well as the serious need to decrease medication errors, Math for Pharmacy Technicians: Concepts and Calculations was developed. This textbook is organized from simple to complex and walks the student through the necessary informa...
Uloženo v:
| Hlavní autor: | |
|---|---|
| Médium: | Kniha |
| Jazyk: | Undetermined |
| Vydáno: |
Boston
McGraw Hill Higher Education
2010
|
| Témata: | |
| Tagy: |
Přidat tag
Žádné tagy, Buďte první, kdo otaguje tento záznam!
|
| Thư viện lưu trữ: | Trung tâm Học liệu Trường Đại học Cần Thơ |
|---|
| LEADER | 01304nam a2200229Ia 4500 | ||
|---|---|---|---|
| 001 | CTU_208010 | ||
| 008 | 210402s9999 xx 000 0 und d | ||
| 020 | |c 52.44 | ||
| 082 | |a 615.1401513 | ||
| 082 | |b E31 | ||
| 100 | |a Egler, Lynn M. | ||
| 245 | 0 | |a Math for the pharmacy technician : | |
| 245 | 0 | |b Concepts and calculations | |
| 245 | 0 | |c Lynn M. Egler, Kathryn A. Booth | |
| 260 | |a Boston | ||
| 260 | |b McGraw Hill Higher Education | ||
| 260 | |c 2010 | ||
| 520 | |a Recognizing the enormous need for well-trained Pharmacy Technicians as well as the serious need to decrease medication errors, Math for Pharmacy Technicians: Concepts and Calculations was developed. This textbook is organized from simple to complex and walks the student through the necessary information to pass the math portion of the PTCB exam. The text includes Pharmacy Technician-specific information that is non-threatening and helps the student learn to safely practice as a Pharmacy Technician. This text is organized into 11 chapters, along with a pretest and a comprehensive evaluation or posttest. | ||
| 650 | |a Drug Dosage Calculations,Tính toán liều lượng thuốc | ||
| 650 | |x Examination Questions,Câu hỏi thi | ||
| 904 | |i Hải | ||
| 980 | |a Trung tâm Học liệu Trường Đại học Cần Thơ | ||